[Event "chess.com SpeedChess Q2KO"]
[Site "chess.com INT"]
[Date "2022.11.13"]
[Round "2.14"]
[White "Naroditsky, Daniel"]
[Black "Artemiev, Vladislav"]
[Result "1/2-1/2"]
[WhiteTitle "GM"]
[BlackTitle "GM"]
[WhiteElo "2617"]
[BlackElo "2701"]
[WhiteFideId "2026961"]
[BlackFideId "24101605"]
[EventDate "2022.11.13"]
[EventType "k.o."]

1. e4 e5 2. Nf3 Nc6 3. Bb5 Nf6 4. d3 d6 5. O-O a6 6. Ba4 b5 7. Bb3 Na5 8. Re1
Nxb3 9. axb3 c5 10. Nc3 b4 11. Ne2 Be7 12. Ng3 O-O 13. c3 Rb8 14. d4 Qc7 15.
dxe5 dxe5 16. c4 g6 17. Bg5 Re8 18. Bxf6 Bxf6 19. Nd2 Rd8 20. Qe2 Bg5 21. Ndf1
h5 22. Ne3 Bxe3 23. Qxe3 h4 24. Nf1 Rb6 25. Rad1 Rxd1 26. Rxd1 Rd6 27. Rd5 Be6
28. Rxd6 Qxd6 29. Qd2 Qd4 30. Qxd4 cxd4 31. Nd2 f6 32. h3 Kf7 33. f3 Ke7 34. Kf2
Kd6 35. Ke2 Kc5 36. Kd3 a5 37. Kc2 Bd7 38. Kd3 g5 39. Kc2 Be8 40. Kd3 Bg6 41.
Kc2 f5 42. Kd3 Kc6 43. Ke2 Kd6 44. Kd3 Ke6 45. Ke2 Bh7 46. Kd3 Bg6 47. Ke2 fxe4
48. Nxe4 Bxe4 49. fxe4 Kd6 50. Kd3 Kc6 51. Kd2 Kb6 52. Kc2 Kc7 53. Kd2 Kd6 54.
Kc2 Kc5 55. Kd3 Kd6 56. Kc2 Ke6 57. Kd2 Kf6 58. Ke2 Ke7 59. Kd2 Kd6 60. Kc2 1/2-1/2

[Event "chess.com SpeedChess Q2KO"]
[Site "chess.com INT"]
[Date "2022.11.13"]
[Round "2.15"]
[White "Artemiev, Vladislav"]
[Black "Naroditsky, Daniel"]
[Result "1-0"]
[WhiteTitle "GM"]
[BlackTitle "GM"]
[WhiteElo "2701"]
[BlackElo "2617"]
[WhiteFideId "24101605"]
[BlackFideId "2026961"]
[EventDate "2022.11.13"]
[EventType "k.o."]

1. Nf3 g6 2. g3 Bg7 3. d4 Nf6 4. Bg2 O-O 5. O-O d6 6. Nc3 Nbd7 7. a4 a5 8. b3 e5
9. dxe5 dxe5 10. Nd2 Nb6 11. Bb2 c6 12. Ba3 Re8 13. Nce4 Nfd5 14. Nd6 Re6 15.
N2e4 Bf8 16. Nxc8 Rxc8 17. Bxf8 Qxf8 18. Qd2 f5 19. Ng5 Rd6 20. Qxa5 Ra8 21. Qe1
Nd7 22. e4 Ne7 23. Qb4 Qf6 24. Qc4+ Kg7 25. Nf3 Rd8 26. a5 Nf8 27. Rfe1 f4 28.
Qc3 Nd7 29. Bh3 fxg3 30. hxg3 Rf8 31. Re3 g5 32. Bxd7 Rxd7 33. Qxe5 g4 34. Qxf6+
Kxf6 35. Ne1 Ng6 36. Nd3 Kg5 37. a6 bxa6 38. Rxa6 Rf6 39. Ra5+ Kh6 40. Kg2 Rdf7
41. e5 Rf5 42. Ra4 Kg5 43. e6 Re7 44. Rc4 Rc7 45. Nc5 Ne7 46. Ne4+ Kg6 47. Nd6
Rg5 48. Nf7 Rd5 49. Rxg4+ Kf6 50. Rf4+ Kg7 51. Ne5 Ng6 52. Nxg6 hxg6 53. e7 Rc8
54. e8=Q Rxe8 55. Rxe8 g5 56. Re7+ 1-0

[Event "chess.com SpeedChess Q2KO"]
[Site "chess.com INT"]
[Date "2022.11.13"]
[Round "2.15"]
[White "Xiong, Jeffery"]
[Black "Grischuk, Alexander"]
[Result "0-1"]
[WhiteTitle "GM"]
[BlackTitle "GM"]
[WhiteElo "2692"]
[BlackElo "2745"]
[WhiteFideId "2047640"]
[BlackFideId "4126025"]
[EventDate "2022.11.13"]
[EventType "k.o."]

1. e4 e6 2. d4 d5 3. exd5 exd5 4. Nf3 Nc6 5. Nc3 Bb4 6. Bd3 Nge7 7. O-O O-O 8.
Re1 Bf5 9. Bg5 f6 10. Bf4 Qd7 11. h3 Rfe8 12. Bb5 a6 13. Bf1 Ng6 14. Bg3 Rxe1
15. Nxe1 Re8 16. Nd3 Bxc3 17. bxc3 b6 18. Qd2 a5 19. Nb2 Nd8 20. c4 dxc4 21.
Nxc4 Ne6 22. Rd1 Ng5 23. Qc1 Be4 24. Ne3 c6 25. c4 h6 26. d5 c5 27. f4 Nf7 28.
d6 Nxd6 29. Qb2 Qc6 30. f5 Ne5 31. Be2 Nxf5 32. Nxf5 Bxf5 33. Bh5 Rf8 34. Bxe5
fxe5 35. Qxe5 Qe6 36. Qc7 Qe3+ 37. Kh2 Be4 38. Rd7 Qg5 39. Bg4 h5 40. Bf3 Bxf3
41. gxf3 Rxf3 42. Qd8+ Qxd8 43. Rxd8+ Kh7 44. Rd6 Rf6 45. Rd7 Rf2+ 46. Kg3 Rxa2 0-1

[Event "chess.com SpeedChess Q2KO"]
[Site "chess.com INT"]
[Date "2022.11.13"]
[Round "3.1"]
[White "Artemiev, Vladislav"]
[Black "Grischuk, Alexander"]
[Result "0-1"]
[WhiteTitle "GM"]
[BlackTitle "GM"]
[WhiteElo "2701"]
[BlackElo "2745"]
[WhiteFideId "24101605"]
[BlackFideId "4126025"]
[EventDate "2022.11.13"]
[EventType "k.o."]

1. d4 Nf6 2. Nf3 d5 3. c4 e6 4. Nc3 Be7 5. Bg5 h6 6. Bh4 dxc4 7. e3 c5 8. Bxc4
cxd4 9. Nxd4 Bd7 10. O-O Nc6 11. Nf3 Qb6 12. Qe2 O-O 13. Rfd1 Rfd8 14. h3 Be8
15. a3 Rxd1+ 16. Rxd1 Rd8 17. Rc1 Na5 18. Ba2 Nb3 19. Rc2 a5 20. Ne4 g5 21.
Nxf6+ Bxf6 22. Bg3 Bb5 23. Qe1 Bd3 24. Rc3 Nc5 25. Be5 Bxe5 26. Nxe5 Qd6 27.
Nxd3 Nxd3 28. Qd2 b6 29. Bb1 Nc5 30. Qxd6 Rxd6 31. Bc2 f5 32. Kf1 Kf7 33. Ke2
Kf6 34. Rc4 h5 35. h4 g4 36. g3 Nd7 37. Rc7 Ne5 38. Rc8 Nf3 39. Bd3 Ng1+ 40. Kd2
Nh3 41. Ke2 Nxf2 42. Bxf5 Kxf5 43. Kxf2 Rd2+ 44. Ke1 Rxb2 45. Rh8 Ke4 46. Rxh5
Rg2 47. Rh6 e5 48. Rxb6 Rxg3 49. h5 Rxe3+ 50. Kf2 Rxa3 51. Ra6 Kf4 52. Rf6+ Kg5
53. Re6 Kxh5 54. Rxe5+ Kh4 55. Kg2 Ra2+ 56. Kg1 Kh3 57. Rh5+ Kg3 58. Kf1 Rf2+
59. Kg1 Ra2 60. Kf1 a4 61. Rc5 Ra1+ 62. Ke2 a3 63. Rc3+ Kg2 0-1

[Event "chess.com SpeedChess Q2KO"]
[Site "chess.com INT"]
[Date "2022.11.13"]
[Round "3.2"]
[White "Artemiev, Vladislav"]
[Black "Grischuk, Alexander"]
[Result "1/2-1/2"]
[WhiteTitle "GM"]
[BlackTitle "GM"]
[WhiteElo "2701"]
[BlackElo "2745"]
[WhiteFideId "24101605"]
[BlackFideId "4126025"]
[EventDate "2022.11.13"]
[EventType "k.o."]

1. c4 c5 2. Nf3 Nf6 3. Nc3 Nc6 4. e3 e6 5. d4 d5 6. cxd5 exd5 7. Bb5 cxd4 8.
Nxd4 Bd7 9. Nf3 Bb4 10. Bd2 O-O 11. O-O Bg4 12. Be2 a6 13. h3 Bf5 14. Nd4 Nxd4
15. exd4 Re8 16. Bf3 Bxc3 17. Bxc3 Qd7 18. Re1 Ne4 19. Bxe4 Bxe4 1/2-1/2

[Event "chess.com SpeedChess Q2KO"]
[Site "chess.com INT"]
[Date "2022.11.13"]
[Round "3.2"]
[White "Grischuk, Alexander"]
[Black "Artemiev, Vladislav"]
[Result "1/2-1/2"]
[WhiteTitle "GM"]
[BlackTitle "GM"]
[WhiteElo "2745"]
[BlackElo "2701"]
[WhiteFideId "4126025"]
[BlackFideId "24101605"]
[EventDate "2022.11.13"]
[EventType "k.o."]

1. Nf3 d5 2. g3 g6 3. Bg2 Bg7 4. d4 Nf6 5. O-O O-O 6. c4 c6 7. Qb3 a5 8. cxd5 a4
9. Qd1 cxd5 10. Nc3 Qa5 11. Bd2 Nc6 12. e3 Qa6 13. Re1 a3 14. bxa3 Qxa3 15. Qb3
Qxb3 16. axb3 Bf5 17. Ne5 e6 18. Nxc6 bxc6 19. Rxa8 Rxa8 20. Rc1 Rb8 21. Na4
Rxb3 22. Rxc6 Rd3 23. Rc2 Bf8 24. Ra2 Bb4 25. g4 Bxg4 26. h3 Rxd2 27. Rxd2 Bxd2
28. hxg4 Nxg4 29. Kf1 Nxe3+ 30. fxe3 Bxe3 31. Nc5 Bxd4 32. Nd3 f5 33. Bf3 Kf7
34. Bd1 Ke7 35. Ba4 Kd6 36. Be8 Ke7 37. Bc6 g5 38. Bb7 h5 39. Bc8 Kd6 40. Ne1
Bf6 41. Nc2 g4 42. Na3 Bd8 43. Nb5+ Ke5 44. Na7 Bb6 45. Nc6+ Kd6 46. Nb4 h4 47.
Kg2 h3+ 48. Kg3 f4+ 49. Kh2 Bd4 50. Nd3 Be3 51. Ne1 Bf2 52. Nd3 Bg3+ 53. Kh1 f3
54. Nb4 e5 55. Bxg4 f2 56. Bxh3 e4 57. Kg2 Bh4 58. Nxd5 Kxd5 59. Bg4 Kd4 60. Kf1
Ke3 61. Be2 Kd2 62. Ba6 e3 63. Be2 Bg3 64. Bh5 e2+ 65. Bxe2 Bh4 1/2-1/2

[Event "chess.com SpeedChess Q2KO"]
[Site "chess.com INT"]
[Date "2022.11.13"]
[Round "3.3"]
[White "Grischuk, Alexander"]
[Black "Artemiev, Vladislav"]
[Result "1/2-1/2"]
[WhiteTitle "GM"]
[BlackTitle "GM"]
[WhiteElo "2745"]
[BlackElo "2701"]
[WhiteFideId "4126025"]
[BlackFideId "24101605"]
[EventDate "2022.11.13"]
[EventType "k.o."]

1. e4 e5 2. Nf3 Nc6 3. Bb5 a6 4. Ba4 Nf6 5. O-O Be7 6. Re1 b5 7. Bb3 O-O 8. c3
d5 9. exd5 Nxd5 10. Nxe5 Nxe5 11. Rxe5 c6 12. d3 Bd6 13. Re1 Bf5 14. Qf3 Qh4 15.
g3 Qh3 16. Be3 Bxd3 17. Nd2 Bf5 18. Ne4 Bxe4 19. Qxe4 Rae8 20. Qf3 Nxe3 21. Rxe3
Rxe3 22. Qxe3 Qf5 23. Kg2 Bc5 24. Qf3 Qxf3+ 25. Kxf3 Rd8 26. Rd1 Rxd1 27. Bxd1
Kf8 28. Bc2 Be7 29. Be4 c5 30. Bb7 a5 31. Bc6 b4 32. Ke4 Bf6 33. Kd3 Ke7 34. Kc4
Kd6 35. Be8 Ke7 36. Bb5 Kd6 37. a4 Bd8 38. Be8 f6 39. f4 Bc7 40. Bh5 Bd8 41. Bf3
Bc7 42. Be4 h6 43. Bf3 Bd8 44. Be4 Bc7 45. Bf3 Bd8 46. Be4 Bc7 1/2-1/2

[Event "chess.com SpeedChess Q2KO"]
[Site "chess.com INT"]
[Date "2022.11.13"]
[Round "3.5"]
[White "Artemiev, Vladislav"]
[Black "Grischuk, Alexander"]
[Result "1-0"]
[WhiteTitle "GM"]
[BlackTitle "GM"]
[WhiteElo "2701"]
[BlackElo "2745"]
[WhiteFideId "24101605"]
[BlackFideId "4126025"]
[EventDate "2022.11.13"]
[EventType "k.o."]

1. d4 Nf6 2. c4 e6 3. Nc3 Bb4 4. e3 O-O 5. Bd2 d5 6. Nf3 c6 7. Qc2 Nbd7 8. Be2
Re8 9. O-O Bd6 10. Rad1 h6 11. Bc1 Qe7 12. Rfe1 dxc4 13. Bxc4 e5 14. e4 Nb6 15.
dxe5 Bxe5 16. Nxe5 Qxe5 17. Bf1 Ng4 18. g3 Qh5 19. f4 Nf6 20. f5 Nbd7 21. Qg2 g5
22. Be2 g4 23. Rd6 Kg7 24. Bf4 Ne5 25. Qf2 b6 26. b4 Bb7 27. Qd4 c5 28. bxc5
bxc5 29. Qxc5 Nf3+ 30. Bxf3 gxf3 31. Qd4 f2+ 32. Kxf2 Qxh2+ 33. Kf3 1-0

[Event "chess.com SpeedChess Q2KO"]
[Site "chess.com INT"]
[Date "2022.11.13"]
[Round "3.6"]
[White "Grischuk, Alexander"]
[Black "Artemiev, Vladislav"]
[Result "1-0"]
[WhiteTitle "GM"]
[BlackTitle "GM"]
[WhiteElo "2745"]
[BlackElo "2701"]
[WhiteFideId "4126025"]
[BlackFideId "24101605"]
[EventDate "2022.11.13"]
[EventType "k.o."]

1. e4 e5 2. Nf3 Nc6 3. Bb5 a6 4. Ba4 Nf6 5. O-O Be7 6. Re1 b5 7. Bb3 O-O 8. h3
Bb7 9. d3 d5 10. exd5 Nxd5 11. Nbd2 Qd7 12. a4 f6 13. c3 Kh8 14. Ne4 Na5 15. Bc2
c5 16. axb5 axb5 17. h4 Nc6 18. Rxa8 Bxa8 19. h5 Qg4 20. Ng3 Qd7 21. d4 exd4 22.
Bf5 Qd6 23. cxd4 Nxd4 24. Nxd4 cxd4 25. Bb1 Nb4 26. Nf5 Qd5 27. Qg4 Rf7 28. Nxe7
Qc5 29. Nf5 Qc8 30. Qxd4 Nc6 31. Qf4 Qd8 32. h6 g5 33. Qg3 Ne5 34. Rxe5 fxe5 35.
Qxe5+ Kg8 36. Bc2 Qc8 37. Bb3 Qxc1+ 38. Kh2 Qf4+ 39. Qxf4 gxf4 40. Nd6 1-0

[Event "chess.com SpeedChess Q2KO"]
[Site "chess.com INT"]
[Date "2022.11.13"]
[Round "3.7"]
[White "Artemiev, Vladislav"]
[Black "Grischuk, Alexander"]
[Result "1/2-1/2"]
[WhiteTitle "GM"]
[BlackTitle "GM"]
[WhiteElo "2701"]
[BlackElo "2745"]
[WhiteFideId "24101605"]
[BlackFideId "4126025"]
[EventDate "2022.11.13"]
[EventType "k.o."]

1. d4 Nf6 2. Nc3 d5 3. Bf4 g6 4. e3 Bg7 5. h4 h5 6. Nf3 O-O 7. Ne5 c5 8. Qd2 Nc6
9. f3 cxd4 10. exd4 Bf5 11. Nd1 Nd7 12. Nxd7 Qxd7 13. c3 e5 14. dxe5 Nxe5 15.
Ne3 Be6 16. Rd1 Rfd8 17. Nc2 Qa4 18. Kf2 Qxa2 19. Nd4 Nc4 20. Bxc4 Qxc4 21. Rhe1
Re8 22. Be5 Bd7 23. Bxg7 Kxg7 24. Qf4 Qc5 25. g4 hxg4 26. fxg4 Re4 27. Rxe4 dxe4
28. Re1 Re8 29. Rxe4 Rxe4 30. Qxe4 Qd6 31. Kg2 b6 32. g5 a5 33. Qf3 a4 34. Qe4
b5 35. Qe3 Qd5+ 36. Qf3 Qd6 37. Qe3 Qd5+ 38. Kg3 Bc6 39. Nxc6 Qxc6 40. Qe5+ Kg8
41. Kf4 Qc4+ 42. Kg3 Qd3+ 43. Kf2 Qd2+ 44. Qe2 Qf4+ 45. Kg2 Qb8 46. Qe4 Qd8 47.
Qb4 Qd5+ 48. Kg3 Qe5+ 49. Kf3 Qd5+ 50. Ke3 Qe5+ 51. Kd3 Qd5+ 52. Ke3 Qe5+ 53.
Kf3 Qd5+ 54. Ke3 1/2-1/2

[Event "chess.com SpeedChess Q2KO"]
[Site "chess.com INT"]
[Date "2022.11.13"]
[Round "3.8"]
[White "Grischuk, Alexander"]
[Black "Artemiev, Vladislav"]
[Result "1-0"]
[WhiteTitle "GM"]
[BlackTitle "GM"]
[WhiteElo "2745"]
[BlackElo "2701"]
[WhiteFideId "4126025"]
[BlackFideId "24101605"]
[EventDate "2022.11.13"]
[EventType "k.o."]

1. e4 c5 2. Nc3 e6 3. Nf3 Nc6 4. d4 cxd4 5. Nxd4 Qc7 6. Be3 a6 7. Qf3 Bd6 8.
O-O-O Be5 9. Nxc6 bxc6 10. Bd4 Nf6 11. Bxe5 Qxe5 12. Qe3 g5 13. g3 Ng4 14. Qe2
h5 15. f3 Nf6 16. Qe3 Nd5 17. Nxd5 cxd5 18. Qc5 Rb8 19. c3 d6 20. Qc7 O-O 21.
Qxb8 dxe4 22. Qxd6 Qa5 23. Bc4 exf3 24. Rhf1 Bb7 25. Bb3 Qf5 26. Bc2 Qh3 27. Qe7
Bd5 28. Qxg5+ 1-0

[Event "chess.com SpeedChess Q2KO"]
[Site "chess.com INT"]
[Date "2022.11.13"]
[Round "3.9"]
[White "Artemiev, Vladislav"]
[Black "Grischuk, Alexander"]
[Result "0-1"]
[WhiteTitle "GM"]
[BlackTitle "GM"]
[WhiteElo "2701"]
[BlackElo "2745"]
[WhiteFideId "24101605"]
[BlackFideId "4126025"]
[EventDate "2022.11.13"]
[EventType "k.o."]

1. Nf3 Nf6 2. b3 d5 3. Bb2 Bf5 4. Nh4 Bd7 5. c4 Nc6 6. cxd5 Nxd5 7. Nf3 Bg4 8.
e3 e5 9. h3 Bh5 10. Be2 Ndb4 11. O-O Nd3 12. Bc3 Be7 13. Ne1 Bg6 14. Nxd3 Bxd3
15. f4 exf4 16. Bxg7 Rg8 17. Bc3 Qd5 18. Bf3 Qc5 19. Be2 O-O-O 20. Bxd3 Rxd3 21.
Qe2 fxe3 22. Qxd3 e2+ 23. Kh1 exf1=Q+ 24. Qxf1 Bd6 25. d4 Nxd4 26. Qxf7 Qg5 27.
Qf2 Qc1+ 28. Be1 Re8 0-1

[Event "chess.com SpeedChess Q2KO"]
[Site "chess.com INT"]
[Date "2022.11.13"]
[Round "3.10"]
[White "Grischuk, Alexander"]
[Black "Artemiev, Vladislav"]
[Result "1/2-1/2"]
[WhiteTitle "GM"]
[BlackTitle "GM"]
[WhiteElo "2745"]
[BlackElo "2701"]
[WhiteFideId "4126025"]
[BlackFideId "24101605"]
[EventDate "2022.11.13"]
[EventType "k.o."]

1. e4 g6 2. d4 Bg7 3. Nf3 d6 4. Bd3 e6 5. O-O Ne7 6. Re1 Nd7 7. Nbd2 b6 8. Nf1
Bb7 9. Ng3 h6 10. c3 a6 11. a4 O-O 12. Be3 c5 13. h3 Nf6 14. Qd2 Kh7 15. Bf4
cxd4 16. cxd4 Nc6 17. Rac1 Qd7 18. h4 Ng4 19. Bb1 Rad8 20. h5 Kg8 21. hxg6 fxg6
22. d5 Nce5 23. Bxe5 Nxe5 24. Nxe5 Bxe5 25. Qxh6 Qf7 26. Rf1 Bf4 27. Qh3 Bxc1
28. dxe6 Qf6 29. e7 Qxe7 30. Rxc1 Kg7 31. Qg4 Bc8 32. Nf5+ Bxf5 33. exf5 Rf6 34.
fxg6 Rdf8 35. Qd4 Qe6 36. Rc7+ Kg8 37. Qh4 Qe1+ 38. Kh2 Qe5+ 39. Kg1 Qe1+ 40.
Kh2 Qe5+ 41. Kh3 Qe6+ 42. Kh2 Qe5+ 1/2-1/2

[Event "chess.com SpeedChess Q2KO"]
[Site "chess.com INT"]
[Date "2022.11.13"]
[Round "3.11"]
[White "Artemiev, Vladislav"]
[Black "Grischuk, Alexander"]
[Result "1/2-1/2"]
[WhiteTitle "GM"]
[BlackTitle "GM"]
[WhiteElo "2701"]
[BlackElo "2745"]
[WhiteFideId "24101605"]
[BlackFideId "4126025"]
[EventDate "2022.11.13"]
[EventType "k.o."]

1. b3 d5 2. Bb2 Nf6 3. e3 Bf5 4. c4 e6 5. cxd5 exd5 6. Nf3 h6 7. Nc3 Nbd7 8. Be2
c6 9. O-O Bd6 10. d3 Bh7 11. e4 dxe4 12. dxe4 Qe7 13. Re1 O-O 14. Bf1 Ne5 15.
Nxe5 Bxe5 16. Nd5 cxd5 17. exd5 Nd7 18. Bxe5 Nxe5 19. Qd4 Rfe8 20. f4 Nf3+ 21.
gxf3 Qxe1 22. Rxe1 Rxe1 23. d6 Bf5 24. Kf2 Ree8 25. Qd5 g6 26. Bc4 Be6 27. Qxb7
Rad8 28. Qc7 Rd7 29. Qc5 Red8 30. a4 Bxc4 31. bxc4 Rxd6 32. Qxa7 Rc6 33. f5 gxf5
34. Qa5 Rdc8 35. Qxf5 Rxc4 36. a5 Ra8 37. Qd5 Rcc8 38. Qb7 Rc2+ 39. Kg3 Rxa5 40.
Qb8+ Kg7 41. h4 Rac5 42. Qb4 R2c4 43. Qb2+ Kg8 44. Qb8+ Rc8 45. Qb2 R8c6 46. Qe5
Rg6+ 47. Kh3 Rcc6 48. Qe8+ Kg7 49. Qe5+ Kg8 50. Qe8+ Kg7 51. Qe5+ Kg8 1/2-1/2

[Event "chess.com SpeedChess Q2KO"]
[Site "chess.com INT"]
[Date "2022.11.13"]
[Round "3.12"]
[White "Grischuk, Alexander"]
[Black "Artemiev, Vladislav"]
[Result "1/2-1/2"]
[WhiteTitle "GM"]
[BlackTitle "GM"]
[WhiteElo "2745"]
[BlackElo "2701"]
[WhiteFideId "4126025"]
[BlackFideId "24101605"]
[EventDate "2022.11.13"]
[EventType "k.o."]

1. e4 g6 2. d4 Bg7 3. Nf3 d6 4. Bd3 Nf6 5. O-O O-O 6. Re1 Nc6 7. d5 Nb8 8. h3 a5
9. c4 Na6 10. Nc3 e5 11. Be3 Nh5 12. Rb1 Nf4 13. Bf1 g5 14. a3 g4 15. Nh2 gxh3
16. g3 Ng2 17. Bxg2 hxg2 18. b4 axb4 19. axb4 f5 20. Qh5 f4 21. Bd2 Qf6 22. gxf4
exf4 23. Kxg2 Bd7 24. Nf3 Rae8 25. Rh1 Qg6+ 26. Qxg6 hxg6 27. Rhe1 Bf6 28. Nb5
g5 29. Nh2 Be5 30. f3 Kf7 31. Nc3 Rh8 32. Ne2 Rh4 33. Rg1 Reh8 34. Nf1 g4 35.
fxg4 Rxg4+ 36. Kf2 Rhh4 37. Rxg4 Rxg4 38. Nh2 Rh4 39. Nf3 Rg4 40. Nh2 Rh4 41.
Nf3 Rg4 42. Nh2 1/2-1/2